Ekonomika i matematičeskije metody
Saved in:
| Format: | Serial |
|---|---|
| Language: | Russian |
| Published: |
Moskva
Nauka
1990
|
| Subjects: | |
| Tags: |
No Tags, Be the first to tag this record!
|
MARC
| LEADER | 00000nas2a2200000 4500 | ||
|---|---|---|---|
| 001 | s006449 | ||
| 005 | 20180122112427.5 | ||
| 022 | |a 0426-7388 | ||
| 041 | 0 | |a rus | |
| 044 | |a RU | ||
| 245 | 1 | 0 | |a Ekonomika i matematičeskije metody |
| 264 | 1 | |a Moskva |b Nauka |c 1990 | |
| 300 | |a 1 zv. | ||
| 773 | 0 | |w eu_un_cat*s121052 | |
| 610 | 2 | 0 | |a metódy ekonomicko-matematické |